| 000 | 00506nam a2200205Ia 4500 | ||
|---|---|---|---|
| 003 | 0100 | ||
| 008 | 130303s9999 xx 000 0 und d | ||
| 040 | _cARRUPELIB | ||
| 050 | _aBL2470.R5B481979 | ||
| 100 | _aBhebe, Ngwabi | ||
| 245 | _aChristianity and traditional religion in western Zimbabwe, 1859-1923 | ||
| 260 | _aLondon | ||
| 260 | _bLongman | ||
| 260 | _C1979 | ||
| 300 | _axiv | ||
| 300 | _b 190p. 23cm | ||
| 650 | _bMetaphysics--Dictionaries | ||
| 700 | _aNgwabi Bhebe | ||
| 942 | 0 | 0 | _02 |
| 999 |
_c12726 _d12726 |
||